000 00433nam a2200181Ia 4500
001 15633
005 20260306170210.0
008 260306t2009||||xx |||||||||||||| ||und||
041 _aESP
082 _a551.63
_bV97
100 _aConsejo Nacional de Ciencia
_eAUT
245 0 _aDocumento técnico CONCYTEC
260 _c2009
300 _a140 páginas :
_c27 cm.
650 _aGEN
654 _aCHU
942 _cREV
_dJUS
_fJUS
_2ddc
_n
999 _c15633
_d15633